| 000 | 00596cam a2200181 4500 | ||
|---|---|---|---|
| 008 | 150923n 000 0 eng u | ||
| 020 | _a0132735334 | ||
| 035 | _a(Sirsi) a192694 | ||
| 050 | _aBF 637.C6 GIB 1999 | ||
| 100 | _aGibson, Robert L. | ||
| 245 |
_aIntroduction to counseling and guidance / _c Robert L. Gibson and Marianne H. Mitchell. |
||
| 250 | _a5th ed. | ||
| 260 |
_aUpper Saddler River, N.J. : _bMerrill, _c1999. |
||
| 300 |
_axvi, 592 p. : _bill. |
||
| 504 | _aIncludes bibliographical references and indexes. | ||
| 650 | _aCounseling. | ||
| 700 | _aMitchell, Marianne. | ||
| 999 |
_c124856 _d124856 |
||